Vinárstvo v regióne Orava

Uložené v:
Podrobná bibliografia
Hlavný autor: Horváth, Tomáš (Autor)
Ďalší autori: Bránický, Filip (Vedúci práce)
Médium: Rukopis Kniha
Jazyk:Slovak
Vydavateľské údaje: 2025
Predmet:
On-line prístup:http://is.stuba.sk/zp/portal_zp.pl?podrobnosti=192301
CRZP
Tagy: Pridať tag
Žiadne tagy, Buďte prvý, kto otaguje tento záznam!

MARC

LEADER 00000ntm a22000003a 4500
001 stuzp105498
003 SK-STU
005 20250724105918.2
007 ta
008 150427s2015----xo-----f-mn---000-0-slo-d
040 |a STU  |b slo 
041 0 |a slo 
100 1 |a Horváth, Tomáš  |u 010310  |4 aut  |U SvF Stavebná fakulta  |T SvF Katedra architektúry  |X 110132  |U V181|V310  |Y 19  |7 110132 
242 0 1 |a Winery in the Orava region  |y eng 
245 1 0 |a Vinárstvo v regióne Orava 
260 |c 2025 
650 4 |a vinárstvo  |2 slo 
650 4 |a novostavba  |2 slo 
650 4 |a Orava  |2 slo 
650 4 |a new construction  |2 eng 
650 4 |a Orava  |2 eng 
650 4 |a winery  |2 eng 
700 1 |a Bránický, Filip  |u 010310  |k Z1  |4 ths  |U SvF Stavebná fakulta  |T SvF Katedra architektúry  |X 49264  |U V181|V310  |Y 19  |7 A000049264 
856 4 |u http://is.stuba.sk/zp/portal_zp.pl?podrobnosti=192301 
856 4 |u https://opac.crzp.sk/?fn=detailBiblioForm&sid=C9A1C75A261DD259FB80431E26A3  |z CRZP